[Event "3rd EUR-ch (w)"]
[Site "Varna BUL"]
[Date "2002.05.28"]
[Round "2.44"]
[White "Kadziolka, Beata"]
[Black "Seps, Monika"]
[Result "1-0"]
[WhiteElo "2235"]
[BlackElo "2095"]
[EventDate "2002.05.27"]
[PlyCount "83"]

1.d4 d5 2.c4 dxc4 3.Nf3 Nf6 4.e3 Bg4 5.Bxc4 e6 6.Qb3 Bxf3 7.gxf3 Nbd7 8.
Nc3 Nb6 9.Be2 c5 10.dxc5 Bxc5 11.Bd2 O-O 12.O-O-O a5 13.a4 Qe7 14.Kb1 Bb4 
15.e4 Nfd7 16.Bb5 Nc5 17.Qc2 Rfc8 18.Rhg1 e5 19.Nd5 Nxd5 20.exd5 Ne6 21.
Qe4 Bxd2 22.dxe6 Bf4 23.exf7+ Kh8 24.Rd7 Qf8 25.Qf5 Bh6 26.Qxe5 Qc5 27.
Qxc5 Rxc5 28.Re7 Rf8 29.Be8 Rf5 30.Rxb7 Rxf3 31.Rb5 Bd2 32.Rg2 g5 33.Kc2 
Bf4 34.Rxa5 h5 35.h4 Rh3 36.hxg5 Rh1 37.Rf5 Bd6 38.f4 Kg7 39.Rf6 Be7 40.
Rh6 Rh8 41.Rxh8 Kxh8 42.f5 1-0

[Event "3rd EUR-ch (w)"]
[Site "Varna BUL"]
[Date "2002.05.28"]
[Round "2.45"]
[White "Agrest, Svetlana"]
[Black "Bratimirova, Dimitrinka"]
[Result "1/2-1/2"]
[WhiteElo "2225"]
[BlackElo "2076"]
[EventDate "2002.05.27"]
[PlyCount "67"]

1.e4 e5 2.Nf3 Nc6 3.Nc3 Nf6 4.Bb5 d6 5.d4 exd4 6.Nxd4 Bd7 7.O-O Nxd4 8.
Bxd7+ Qxd7 9.Qxd4 Be7 10.Rd1 Qg4 11.h3 Qh5 12.Qa4+ c6 13.Bf4 Qc5 14.Qd4 
Qxd4 15.Rxd4 O-O-O 16.Rad1 Rhe8 17.Kf1 b5 18.f3 d5 19.exd5 b4 20.Ne4 Nxd5 
21.Bc1 h6 22.R4d3 f5 23.Ng3 f4 24.Ne4 g5 25.c4 bxc3 26.bxc3 Nf6 27.Rxd8+ 
Rxd8 28.Rxd8+ Bxd8 29.Nxf6 Bxf6 30.Bb2 c5 31.Ba3 c4 32.Bb4 Kd7 33.Ke2 Kc6 
34.Kd2 1/2-1/2

[Event "3rd EUR-ch (w)"]
[Site "Varna BUL"]
[Date "2002.05.28"]
[Round "2.47"]
[White "Kharashkina, Bairta"]
[Black "Shtereva, Slaveja"]
[Result "1/2-1/2"]
[WhiteElo "2193"]
[BlackElo "2071"]
[EventDate "2002.05.27"]
[PlyCount "103"]

1.e4 c5 2.c3 Nf6 3.e5 Nd5 4.d4 cxd4 5.Nf3 e6 6.cxd4 d6 7.Bc4 Nb6 8.Bd3 Bd7
9.Nc3 Bc6 10.O-O N8d7 11.Re1 dxe5 12.Nxe5 Nxe5 13.dxe5 Bb4 14.Qe2 Na4 15.
Qc2 Qa5 16.Bd2 Rd8 17.Re3 Bxc3 18.bxc3 Qd5 19.Rg3 Nc5 20.Bg5 Rd7 21.Be2 
Qxe5 22.Be3 f6 23.Bd4 Qe4 24.Qxe4 Nxe4 25.Re3 Kf7 26.Bxa7 Ra8 27.Bb6 Rd2 
28.Bc4 Bd5 29.Bxd5 exd5 30.f3 Nd6 31.Bc5 Nf5 32.Ree1 Raxa2 33.Rxa2 Rxa2 
34.Rb1 Kg6 35.g3 Rc2 36.Rb3 h5 37.Bf2 Kg5 38.Bc5 g6 39.Rxb7 Rxc3 40.h4+ 
Nxh4 41.gxh4+ Kxh4 42.Be7 Rxf3 43.Rb6 Kg5 44.Kg2 Rf5 45.Bc5 Kf4 46.Rb4+ 
Ke5 47.Bd4+ Ke6 48.Rb6+ Kf7 49.Rb7+ Ke6 50.Rb6+ Kf7 51.Rb7+ Ke6 52.Rb6+ 
1/2-1/2

[Event "3rd EUR-ch (w)"]
[Site "Varna BUL"]
[Date "2002.05.28"]
[Round "2.48"]
[White "Cavusoglu, Yildiz"]
[Black "Johansson, Victoria"]
[Result "1/2-1/2"]
[WhiteElo "2036"]
[BlackElo "2189"]
[EventDate "2002.05.27"]
[PlyCount "47"]

1.d4 Nf6 2.Nf3 g6 3.Bf4 Bg7 4.e3 d6 5.h3 O-O 6.Be2 Nbd7 7.Bh2 Qe8 8.O-O e5
9.c4 Qe7 10.Nc3 c6 11.Qc2 Ne8 12.a3 f5 13.b4 e4 14.Nd2 Ndf6 15.c5 d5 16.b5
g5 17.bxc6 bxc6 18.Qa4 Qe6 19.Rab1 Nd7 20.Rfc1 Qg6 21.Qb3 Ndf6 22.Qa4 Nd7 
23.Qb3 Ndf6 24.Qa4 1/2-1/2

[Event "3rd EUR-ch (w)"]
[Site "Varna BUL"]
[Date "2002.05.28"]
[Round "2.49"]
[White "Makka, Ioulia"]
[Black "Stoilkovska, Sanja"]
[Result "1-0"]
[WhiteElo "2188"]
[BlackElo "2049"]
[EventDate "2002.05.27"]
[PlyCount "207"]

1.e4 c5 2.Nf3 e6 3.b3 Nf6 4.e5 Nd5 5.Bb2 Nc6 6.c4 Nf4 7.g3 Ng6 8.Bg2 Be7 
9.O-O O-O 10.Qe2 f6 11.exf6 Bxf6 12.Bxf6 Qxf6 13.Nc3 Rb8 14.Ne4 Qe7 15.
Rad1 e5 16.Nfg5 h6 17.Nf3 d6 18.h3 Bf5 19.d3 Qd7 20.Kh2 Rf7 21.Nc3 Rbf8 
22.Ng1 Nge7 23.Qe3 Be6 24.Rde1 Nf5 25.Qd2 Nfd4 26.Nd5 Kh8 27.f4 Bxd5 28.
Bxd5 Rf6 29.Bxc6 Qxc6 30.Re4 Qd7 31.Kg2 Qf7 32.Qd1 g5 33.Nf3 gxf4 34.Nxd4 
cxd4 35.gxf4 Qg7+ 36.Kh1 Rxf4 37.Rexf4 Rxf4 38.Rxf4 exf4 39.Qh5 Qf8 40.Qd5
f3 41.Qxd4+ Kg8 42.Kg1 Qe7 43.Qd5+ Kh8 44.Qxf3 Qe1+ 45.Qf1 Qg3+ 46.Kh1 b6 
47.d4 Qg7 48.d5 Qe7 49.Qd3 Qe1+ 50.Kg2 Qe5 51.Qg3 Qb2+ 52.Qf2 Qg7+ 53.Kf3 
Qc3+ 54.Qe3 Qg7 55.Qe8+ Kh7 56.Qe4+ Kh8 57.Ke3 Qg3+ 58.Qf3 Qe1+ 59.Qe2 
Qc3+ 60.Qd3 Qe1+ 61.Kf3 Qh1+ 62.Kg3 Qg1+ 63.Kf3 Qh1+ 64.Kg3 Qg1+ 65.Kf4 
Qh2+ 66.Kf5 Qe5+ 67.Kg4 Qg5+ 68.Kf3 Qh5+ 69.Kg3 Qe5+ 70.Kf3 Qh5+ 71.Kg2 
Qh4 72.Qc2 Qg5+ 73.Kh1 Qg7 74.h4 Qa1+ 75.Kh2 Qe5+ 76.Kh3 Qg7 77.Qd3 Qf6 
78.Qe3 Qg7 79.Qf3 Qe7 80.Qf4 Kh7 81.h5 a6 82.Qf5+ Kh8 83.Qg6 Qf8 84.Kg4 
Qc8+ 85.Qe6 Qf8 86.Qg6 Qc8+ 87.Qe6 Qf8 88.Qf5 Qg7+ 89.Kf3 Qg1 90.Ke2 Qg2+ 
91.Qf2 Qg4+ 92.Ke3 Qg5+ 93.Kd3 a5 94.Qf3 a4 95.Qe3 Qg7 96.Qd4 Qxd4+ 97.
Kxd4 axb3 98.axb3 Kg7 99.b4 Kf6 100.c5 bxc5+ 101.bxc5 dxc5+ 102.Kxc5 Ke7 
103.Kc6 Kd8 104.Kd6 1-0

[Event "3rd EUR-ch (w)"]
[Site "Varna BUL"]
[Date "2002.05.28"]
[Round "2.50"]
[White "Topel, Zehra"]
[Black "Bednikova, Stefi"]
[Result "1/2-1/2"]
[WhiteElo "2023"]
[BlackElo "2184"]
[EventDate "2002.05.27"]
[PlyCount "75"]

1.d4 g6 2.Nf3 Bg7 3.c4 d6 4.Nc3 Nd7 5.e4 e5 6.Be2 Nh6 7.O-O O-O 8.d5 f6 9.
b4 a5 10.Qb3 axb4 11.Qxb4 Nf7 12.a4 Nc5 13.Be3 Qe7 14.Nd2 f5 15.f3 f4 16.
Bf2 Na6 17.Qa5 h5 18.Nb3 g5 19.c5 Bd7 20.Bb5 g4 21.Bxd7 Qxd7 22.cxd6 cxd6 
23.Nd2 Rac8 24.Rfc1 gxf3 25.gxf3 Kh8 26.Kh1 Bf6 27.Nb5 Rxc1+ 28.Rxc1 Rg8 
29.Qc3 Be7 30.Rg1 Rxg1+ 31.Bxg1 Ng5 32.Qc4 Qh3 33.Qc3 Nf7 34.Bb6 Qd7 35.
Qc4 Qh3 36.Qf1 Qc8 37.Qc4 Qh3 38.Na7 1/2-1/2

[Event "3rd EUR-ch (w)"]
[Site "Varna BUL"]
[Date "2002.05.28"]
[Round "2.51"]
[White "Zawadzka, Jolanta"]
[Black "Gjergji, Rozana"]
[Result "1/2-1/2"]
[WhiteElo "2181"]
[BlackElo "2029"]
[EventDate "2002.05.27"]
[PlyCount "137"]

1.e4 e5 2.Nf3 Nf6 3.d4 exd4 4.e5 Ne4 5.Qxd4 d5 6.exd6 Nxd6 7.Bd3 Nc6 8.Qf4
Be7 9.O-O Be6 10.Nc3 h6 11.Re1 Qd7 12.Be3 a6 13.Rad1 Rd8 14.Be4 g5 15.Bxc6
bxc6 16.Qd4 f6 17.Bc1 Kf7 18.Qe3 Rhe8 19.Nd4 Bf8 20.Qd3 Bf5 21.Nxf5 Qxf5 
22.Qxa6 Qxc2 23.Qxc6 Kg6 24.Qf3 Nc4 25.Rxe8 Rxe8 26.h4 Bd6 27.g3 Ne5 28.
h5+ Kg7 29.Qd5 Ng4 30.Qd2 Qxd2 31.Bxd2 Bc5 32.Rf1 Rd8 33.Bc1 Bd4 34.Ne4 
Re8 35.Nc3 Nxf2 36.Rxf2 Re1+ 37.Kg2 Bxf2 38.Bd2 Bxg3 39.Kxg3 Rh1 40.a4 
Rxh5 41.a5 g4 42.Ne4 f5 43.a6 Rh3+ 44.Kg2 Rd3 45.Bc3+ Kf7 46.Nc5 Rd8 47.
Be5 Rd5 48.a7 Rxe5 49.a8=Q Rxc5 50.Qh8 f4 51.Qh7+ Ke6 52.Qe4+ Kd7 53.Qxf4 
h5 54.Qd4+ Kc6 55.Qe4+ Kd6 56.b4 Rb5 57.Qc4 c6 58.Kg3 Kc7 59.Qf7+ Kd6 60.
Qf8+ Kc7 61.Kf4 Kd7 62.Qf7+ Kd6 63.Qf6+ Kd7 64.Qd4+ Rd5 65.Qa7+ Kd6 66.
Qb8+ Kd7 67.Qf8 Ke6 68.Qg7 Kd6 69.Qf6+ 1/2-1/2

[Event "3rd EUR-ch (w)"]
[Site "Varna BUL"]
[Date "2002.05.28"]
[Round "2.52"]
[White "Ingolfsdottir, Harpa"]
[Black "Papadopoulou, Vera"]
[Result "0-1"]
[WhiteElo "2002"]
[BlackElo "2170"]
[EventDate "2002.05.27"]
[PlyCount "80"]

1.e4 c5 2.Nf3 d6 3.d4 cxd4 4.Nxd4 Nf6 5.Nc3 a6 6.Bg5 e6 7.Qd2 h6 8.Bxf6 
Qxf6 9.O-O-O Nc6 10.g3 Bd7 11.Bg2 Nxd4 12.Qxd4 Qxd4 13.Rxd4 Bc6 14.Rhd1 
O-O-O 15.Bh3 Kc7 16.e5 d5 17.b4 b5 18.Ne2 a5 19.Rf4 Rd7 20.a3 Kb6 21.Kb2 
g6 22.Rfd4 Bg7 23.f4 Ra8 24.c3 Rda7 25.R4d3 h5 26.Nd4 g5 27.Bg2 Bd7 28.Nf3
g4 29.Nd2 Bc6 30.Nf1 f6 31.Re1 fxe5 32.fxe5 axb4 33.cxb4 Rf8 34.Re2 Be8 
35.Nd2 Bg6 36.Rde3 d4 37.Re4 d3 38.Re1 Rf2 39.Bh1 Bxe4 40.Rxe4 Rxd2+ 0-1

[Event "3rd EUR-ch (w)"]
[Site "Varna BUL"]
[Date "2002.05.29"]
[Round "3.1"]
[White "Kovalevskaya, Ekaterina"]
[Black "Lomineishvili, Maia"]
[Result "1-0"]
[WhiteElo "2482"]
[BlackElo "2370"]
[EventDate "2002.05.27"]
[PlyCount "85"]

1.e4 e6 2.d3 c5 3.g3 Nc6 4.Bg2 Be7 5.c4 Nf6 6.Nc3 O-O 7.Nge2 d5 8.cxd5 
exd5 9.Nxd5 Nxd5 10.exd5 Nb4 11.Nc3 Bf5 12.Be4 Bh3 13.a3 f5 14.Bf3 Na6 15.
Be3 Nc7 16.Qb3 Bd6 17.O-O-O Kh8 18.d4 c4 19.Qxc4 b5 20.Qb3 a5 21.Bf4 a4 
22.Qc2 Bxf4+ 23.gxf4 Qd6 24.Kb1 b4 25.Ne2 bxa3 26.Qc5 Rfd8 27.Qxd6 Rxd6 
28.bxa3 Nxd5 29.Bxd5 Rxd5 30.Nc3 Rd7 31.Rhg1 Bg4 32.Rd3 Bh5 33.d5 Rb8+ 34.
Kc2 Rc8 35.Kd2 Rc4 36.Rb1 h6 37.Rb4 Rxb4 38.axb4 a3 39.Kc2 Ra7 40.Kb3 Bf7 
41.Rd2 Re7 42.b5 Be8 43.Kb4 1-0

[Event "3rd EUR-ch (w)"]
[Site "Varna BUL"]
[Date "2002.05.29"]
[Round "3.3"]
[White "Khurtsidze, Nino"]
[Black "Kosintseva, Nadezhda"]
[Result "1-0"]
[WhiteElo "2446"]
[BlackElo "2336"]
[EventDate "2002.05.27"]
[PlyCount "81"]

1.d4 f5 2.c4 Nf6 3.g3 g6 4.Bg2 Bg7 5.Nf3 O-O 6.O-O d6 7.Nc3 Qe8 8.d5 a5 9.
Nd4 Na6 10.b3 Bd7 11.Bb2 g5 12.e3 f4 13.exf4 gxf4 14.Nce2 Bh6 15.Nxf4 Bxf4
16.gxf4 Qh5 17.Qd2 Nc5 18.Rae1 Rf7 19.Re3 Kh8 20.Rfe1 Rg7 21.Rg3 Bg4 22.f3
Bd7 23.Rxg7 Kxg7 24.Rxe7+ Kh8 25.Re1 Kg7 26.Qc3 a4 27.f5 Bxf5 28.Nxf5+ 
Qxf5 29.Bh3 Qg6+ 30.Kh1 b6 31.Qe3 Re8 32.Be6 Nxe6 33.dxe6 Re7 34.Bxf6+ 
Qxf6 35.Qe4 Kg8 36.f4 Re8 37.Rg1+ Kf8 38.f5 Ke7 39.Qc6 Kf8 40.Qxc7 Re7 41.
Qxb6 1-0

[Event "3rd EUR-ch (w)"]
[Site "Varna BUL"]
[Date "2002.05.29"]
[Round "3.4"]
[White "Slavina, Irina"]
[Black "Dworakowska, Joanna"]
[Result "1/2-1/2"]
[WhiteElo "2370"]
[BlackElo "2445"]
[EventDate "2002.05.27"]
[PlyCount "90"]

1.d4 f5 2.g3 Nf6 3.Bg2 g6 4.c3 Bg7 5.Qb3 Na6 6.Nh3 e6 7.Nf4 c5 8.h4 Ne4 9.
Be3 Qe7 10.O-O d5 11.Nd2 O-O 12.Nxe4 fxe4 13.f3 exf3 14.Rxf3 c4 15.Qc2 Nc7
16.Raf1 Bd7 17.Nh3 Rxf3 18.exf3 e5 19.dxe5 Bxe5 20.f4 Bg7 21.Qd2 Bf5 22.
Ng5 Bd3 23.Re1 Qd6 24.Nf3 Be4 25.Bd4 Bxd4+ 26.Nxd4 Bxg2 27.Kxg2 Re8 28.
Rxe8+ Nxe8 29.f5 Qe5 30.fxg6 hxg6 31.Qc2 Kg7 32.Nf3 Qe3 33.Qf2 Qxf2+ 34.
Kxf2 Kf6 35.Ke3 Ng7 36.g4 Ne6 37.b4 cxb3 38.axb3 a5 39.Nd4 Nc5 40.b4 axb4 
41.cxb4 Na6 42.b5 Nc5 43.Nf3 Ne6 44.b6 Nc5 45.Kd4 Nd7 1/2-1/2

[Event "3rd EUR-ch (w)"]
[Site "Varna BUL"]
[Date "2002.05.29"]
[Round "3.6"]
[White "Jackova, Jana"]
[Black "Alexandrova, Olga"]
[Result "1/2-1/2"]
[WhiteElo "2325"]
[BlackElo "2413"]
[EventDate "2002.05.27"]
[PlyCount "131"]

1.e4 e6 2.d4 d5 3.Nc3 dxe4 4.Nxe4 Nd7 5.Nf3 Ngf6 6.Ng3 h6 7.Bd3 c5 8.O-O 
Be7 9.c3 O-O 10.Ne5 cxd4 11.cxd4 Nb6 12.Ne4 Nbd5 13.Nxf6+ Nxf6 14.Bb1 Qd5 
15.Qd3 Rd8 16.Be3 b6 17.f3 Bb7 18.Rd1 a5 19.a3 Ba6 20.Qd2 Bf8 21.Ba2 Qb7 
22.Rac1 Nd5 23.Ng4 Rac8 24.Bf2 Rxc1 25.Rxc1 Bd6 26.g3 Ne7 27.Kg2 Bb5 28.
Bb1 Bc6 29.Qe3 Bd5 30.Ne5 Rc8 31.Re1 Nc6 32.Qd3 Kf8 33.Kg1 Nxe5 34.dxe5 
Bc5 35.Bxc5+ Rxc5 36.Qh7 Bxf3 37.Qh8+ Ke7 38.Qxg7 Qd5 39.Qf6+ Ke8 40.Qf4 
Rc4 41.Qe3 Bh1 42.Qf2 Rd4 43.Rf1 f5 44.exf6 Rd2 45.Qxd2 Qxd2 46.Kxh1 Kf7 
47.Bg6+ Kxg6 48.f7 Qd5+ 49.Kg1 Qc5+ 50.Rf2 Qf8 51.Kf1 Kg7 52.Ke2 e5 53.a4 
e4 54.h3 h5 55.Rf1 Kg6 56.Rf2 e3 57.Rf1 Kh7 58.Rf3 Kg7 59.Rf1 Kg6 60.Rf3 
Qb4 61.Kxe3 Qe1+ 62.Kd3 Qd1+ 63.Ke3 Qe1+ 64.Kd3 Qd1+ 65.Ke3 Qe1+ 66.Kd3 
1/2-1/2

[Event "3rd EUR-ch (w)"]
[Site "Varna BUL"]
[Date "2002.05.29"]
[Round "3.7"]
[White "Danielian, Elina"]
[Black "Lallemand, Roza"]
[Result "1-0"]
[WhiteElo "2411"]
[BlackElo "2300"]
[EventDate "2002.05.27"]
[PlyCount "75"]

1.Nf3 c5 2.g3 Nc6 3.Bg2 e5 4.e4 g6 5.d3 Bg7 6.Bg5 Nge7 7.Qd2 O-O 8.Nc3 f6 
9.Be3 d6 10.O-O Be6 11.Ne1 f5 12.Nd5 Kh8 13.c3 Bg8 14.Nc2 Nxd5 15.exd5 Ne7
16.c4 Qd7 17.Rab1 f4 18.gxf4 Nf5 19.fxe5 Bxe5 20.b4 b6 21.Kh1 Rf7 22.d4 
cxd4 23.Nxd4 Nxd4 24.Bxd4 Raf8 25.Bxe5+ dxe5 26.c5 Rf4 27.Qe3 R8f5 28.d6 
Bc4 29.Rfc1 b5 30.Rd1 Rxf2 31.c6 Qd8 32.d7 Rxg2 33.Kxg2 Rg5+ 34.Kh1 Kg7 
35.Qxg5 Qxg5 36.d8=Q Qf4 37.Qd7+ Kg8 38.Qd2 1-0

[Event "3rd EUR-ch (w)"]
[Site "Varna BUL"]
[Date "2002.05.29"]
[Round "3.9"]
[White "Kononenko, Tatiana"]
[Black "Calzetta Ruiz, Monica"]
[Result "1/2-1/2"]
[WhiteElo "2370"]
[BlackElo "2278"]
[EventDate "2002.05.27"]
[PlyCount "182"]

1.d4 Nf6 2.Nf3 c5 3.d5 g6 4.Nc3 Bg7 5.e4 d6 6.Bb5+ Nfd7 7.a4 O-O 8.O-O Na6
9.Re1 Nc7 10.Bf1 a6 11.Bf4 Rb8 12.a5 b5 13.axb6 Nxb6 14.h3 Bb7 15.Qd2 Re8 
16.Na4 Nxa4 17.Rxa4 Nb5 18.c3 e6 19.dxe6 Rxe6 20.Bc4 Re8 21.Raa1 Qb6 22.h4
Rbd8 23.h5 Nc7 24.hxg6 hxg6 25.Ng5 d5 26.Bxc7 Qxc7 27.Bxd5 Bh6 28.f4 Bxg5 
29.fxg5 Re5 30.c4 Qe7 31.Qf2 Bxd5 32.exd5 Qxg5 33.Qxc5 Rde8 34.Qf2 Qg4 35.
Rxe5 Rxe5 36.Re1 Rxe1+ 37.Qxe1 Qxc4 38.Qe8+ Kg7 39.Qe5+ Kf8 40.d6 Qc1+ 41.
Kh2 Qh6+ 42.Kg3 g5 43.Kf3 Qh4 44.g3 g4+ 45.Kf4 Qh6+ 46.Ke4 Qh7+ 47.Kd4 Qh1
48.Kc5 Qc1+ 49.Kb6 Qg1+ 50.Kxa6 Qf1+ 51.Ka7 Qf2+ 52.Ka6 Qf1+ 53.Ka5 f6 54.
Qe7+ Kg8 55.Qe6+ Kh7 56.b4 Qa1+ 57.Kb5 Qf1+ 58.Kb6 Qf2+ 59.Kc6 Qf3+ 60.Kc7
Qc3+ 61.Kd8 Qxb4 62.Qf7+ Kh6 63.Qxf6+ Kh5 64.Qf7+ Kh6 65.d7 Qa5+ 66.Ke8 
Qe5+ 67.Qe7 Qb5 68.Kf8 Qf5+ 69.Qf7 Qc5+ 70.Qe7 Qf5+ 71.Ke8 Qh5+ 72.Kd8 
Qa5+ 73.Kc8 Qc3+ 74.Kb7 Qb3+ 75.Kc6 Qc4+ 76.Kd6 Qb4+ 77.Kd5 Qb3+ 78.Ke4 
Qf3+ 79.Kd4 Qd1+ 80.Ke5 Qe2+ 81.Kd6 Qd3+ 82.Kc7 Qc3+ 83.Kd6 Qxg3+ 84.Kd5 
Qd3+ 85.Ke6 Qe4+ 86.Kd6 Qd4+ 87.Ke6 Qe4+ 88.Kf7 Qh7+ 89.Ke6 Qe4+ 90.Kd6 
Qd4+ 91.Ke6 Qe4+ 1/2-1/2

[Event "3rd EUR-ch (w)"]
[Site "Varna BUL"]
[Date "2002.05.29"]
[Round "3.10"]
[White "Bosboom-Lanchava, Tea"]
[Black "Peng Zhaoqin"]
[Result "0-1"]
[WhiteElo "2330"]
[BlackElo "2472"]
[EventDate "2002.05.27"]
[PlyCount "122"]

1.d4 c5 2.d5 e5 3.e4 d6 4.Be2 Be7 5.Nf3 Nf6 6.Nc3 O-O 7.h3 Na6 8.Be3 Nc7 
9.g4 b5 10.g5 Nfe8 11.a3 Bd7 12.Qd2 a5 13.a4 b4 14.Nd1 f5 15.gxf6 Nxf6 16.
Qd3 Bc8 17.Nd2 Qe8 18.Nc4 Ba6 19.Rg1 Kh8 20.Bg5 Qg6 21.f3 Bxc4 22.Qxc4 
Nfxd5 23.exd5 Bxg5 24.Nf2 Rf4 25.Qb3 Qh6 26.Ne4 Bh4+ 27.Kd1 Be7 28.Rg3 Rh4
29.Bf1 Rf8 30.Ke2 Rhf4 31.Bg2 Qh5 32.Qd3 Qf7 33.Rd1 Ne8 34.c3 Rxe4+ 35.
Qxe4 Nf6 36.Qc4 Nh5 37.Rg4 Nf4+ 38.Rxf4 exf4 39.cxb4 cxb4 40.Rd4 Bf6 41.
Rxf4 Qe8+ 42.Re4 Qxa4 43.b3 Qa1 44.f4 h6 45.Bf3 Bh4 46.Bg4 Qb2+ 47.Kd1 Bf6
48.Re2 Qa1+ 49.Kd2 Bc3+ 50.Ke3 Qf1 51.Bf5 Re8+ 52.Be6 Qxh3+ 53.Ke4 Qh1+ 
54.Ke3 Rf8 55.Rf2 Qg1 56.Ke2 Qc1 57.Qc7 Qe1+ 58.Kf3 Bd4 59.Rg2 Qe3+ 60.Kg4
Rxf4+ 61.Kh5 Qe5+ 0-1

[Event "3rd EUR-ch (w)"]
[Site "Varna BUL"]
[Date "2002.05.29"]
[Round "3.11"]
[White "Aleksieva, Silvia"]
[Black "Maric, Alisa"]
[Result "1-0"]
[WhiteElo "2334"]
[BlackElo "2455"]
[EventDate "2002.05.27"]
[PlyCount "69"]

1.e4 c6 2.d4 d5 3.Nd2 dxe4 4.Nxe4 Bf5 5.Ng3 Bg6 6.h4 h6 7.Nf3 e6 8.Ne5 Bh7
9.Bd3 Bxd3 10.Qxd3 Nf6 11.Bd2 Be7 12.O-O-O Nbd7 13.f4 c5 14.Ne2 cxd4 15.
Nxd4 Nxe5 16.fxe5 Ng4 17.Rhf1 O-O 18.Qe4 h5 19.Nf3 Qb6 20.Qe2 Rac8 21.Kb1 
a5 22.Bc1 Rc7 23.Ng5 Rc5 24.Be3 Nxe3 25.Qxe3 Qc7 26.Qf3 Bxg5 27.hxg5 g6 
28.g4 hxg4 29.Qxg4 Qxe5 30.Rh1 Qxg5 31.Qh3 Qh5 32.Qg2 Qe5 33.Rh6 Qf6 34.
Rdh1 Qf5 35.Qh2 1-0

[Event "3rd EUR-ch (w)"]
[Site "Varna BUL"]
[Date "2002.05.29"]
[Round "3.12"]
[White "Mashinskaya, Yulia"]
[Black "Matveeva, Svetlana"]
[Result "1/2-1/2"]
[WhiteElo "2300"]
[BlackElo "2437"]
[EventDate "2002.05.27"]
[PlyCount "46"]

1.e4 e6 2.d4 d5 3.exd5 exd5 4.Nf3 Nf6 5.Bd3 Bg4 6.O-O Be7 7.h3 Bh5 8.Bg5 
O-O 9.Nbd2 c5 10.dxc5 Bxc5 11.c3 Nc6 12.Qc2 Bg6 13.Rad1 Be7 14.Bxg6 fxg6 
15.Qd3 Kh8 16.Rfe1 Nh5 17.Bxe7 Nxe7 18.Nb3 Nf4 19.Qe3 Nc6 20.Nc5 Qb6 21.
Nd7 Qxe3 22.Rxe3 Rfd8 23.Nc5 Kg8 1/2-1/2

[Event "3rd EUR-ch (w)"]
[Site "Varna BUL"]
[Date "2002.05.29"]
[Round "3.13"]
[White "Sarakauskiene, Zivile"]
[Black "Arakhamia-Grant, Ketevan"]
[Result "1/2-1/2"]
[WhiteElo "2105"]
[BlackElo "2425"]
[EventDate "2002.05.27"]
[PlyCount "116"]

1.e4 c5 2.Nf3 Nc6 3.d4 cxd4 4.Nxd4 Qb6 5.Nb3 Nf6 6.Nc3 e6 7.Bd3 a6 8.O-O 
d6 9.Kh1 Qc7 10.f4 b5 11.Qe2 Bb7 12.Bd2 Be7 13.Rae1 b4 14.Nd1 Nd7 15.Ne3 
a5 16.Nd5 exd5 17.exd5 Nce5 18.fxe5 Nxe5 19.Bb5+ Kf8 20.Qe4 h5 21.c4 Kg8 
22.Nd4 Bf8 23.Nf3 Ng4 24.Ng5 Nf6 25.Qf3 Rd8 26.a3 Rb8 27.Qd3 bxa3 28.bxa3 
h4 29.Bc3 Be7 30.Ne4 Nh5 31.Qd2 Bc8 32.Qf2 f5 33.Qf3 Rh6 34.Nf2 Nf6 35.a4 
Bf8 36.Bd4 Rg6 37.Qf4 Ng4 38.Nh3 Rh6 39.Ng5 Nf6 40.h3 Rxb5 41.axb5 Qxc4 
42.Bxf6 Qxf4 43.Rxf4 Rxf6 44.Nf3 Bb7 45.Rd1 Be7 46.Ng5 Rf8 47.Ne6 Ra8 48.
Rxf5 a4 49.Rf2 a3 50.Ra2 Bf6 51.Rd3 Bb2 52.Nc7 Ra4 53.Kg1 Rc4 54.Ne6 Rb4 
55.Nc7 Rc4 56.Ne6 Rb4 57.Nc7 Rc4 58.Ne6 Rb4 1/2-1/2

[Event "3rd EUR-ch (w)"]
[Site "Varna BUL"]
[Date "2002.05.29"]
[Round "3.14"]
[White "Zhukova, Natalia"]
[Black "Calotescu, Ana-Cristina"]
[Result "1/2-1/2"]
[WhiteElo "2425"]
[BlackElo "2299"]
[EventDate "2002.05.27"]
[PlyCount "65"]

1.d4 Nf6 2.c4 g6 3.Nc3 Bg7 4.e4 d6 5.Nf3 O-O 6.Be2 e5 7.O-O exd4 8.Nxd4 
Re8 9.f3 Nh5 10.g4 Nf6 11.Be3 h5 12.g5 Nh7 13.Qd2 Bh3 14.Rfd1 Nc6 15.Nxc6 
bxc6 16.Kh1 Qe7 17.Rg1 a5 18.Rae1 Nf8 19.Bd1 Bd7 20.Bc2 Reb8 21.b3 Qe5 22.
Ne2 a4 23.Bd4 Qa5 24.Bc3 Bxc3 25.Nxc3 Ne6 26.Qe3 axb3 27.axb3 Qe5 28.Ne2 
Ra2 29.Rc1 Qc5 30.Qc3 Qe5 31.Qe3 Qc5 32.Qc3 Qe5 33.Qe3 1/2-1/2

[Event "3rd EUR-ch (w)"]
[Site "Varna BUL"]
[Date "2002.05.29"]
[Round "3.17"]
[White "Mkrtchian, Lilit"]
[Black "Krivec, Jana"]
[Result "1-0"]
[WhiteElo "2391"]
[BlackElo "2271"]
[EventDate "2002.05.27"]
[PlyCount "85"]

1.e4 e5 2.Nf3 Nf6 3.Nxe5 d6 4.Nf3 Nxe4 5.d3 Nf6 6.d4 d5 7.Bd3 Bg4 8.O-O 
Be7 9.Re1 Nc6 10.c3 O-O 11.Bg5 h6 12.Bh4 g5 13.Bg3 Ne4 14.h3 Bxf3 15.gxf3 
Nxg3 16.fxg3 Bd6 17.Kg2 Ne7 18.Qc2 c6 19.Nd2 Qc7 20.Nf1 Kg7 21.Re2 h5 22.
Qd2 f6 23.Bc2 h4 24.Rae1 Rf7 25.Qd3 Rh8 26.g4 f5 27.Re6 Ng6 28.Rxg6+ Kxg6 
29.Re6+ Kg7 30.Ne3 fxg4 31.Qg6+ Kf8 32.Rxd6 gxh3+ 33.Kh1 Qe7 34.Bf5 Rg8 
35.Qh6+ Rgg7 36.Qh8+ Rg8 37.Qh6+ Rgg7 38.Re6 Qc7 39.Qh8+ Rg8 40.Re8+ Kxe8 
41.Qxg8+ Rf8 42.Bg6+ Kd7 43.Qxf8 1-0

[Event "3rd EUR-ch (w)"]
[Site "Varna BUL"]
[Date "2002.05.29"]
[Round "3.18"]
[White "Kosintseva, Tatiana"]
[Black "Andreeva, Natalia"]
[Result "1-0"]
[WhiteElo "2373"]
[BlackElo "2289"]
[EventDate "2002.05.27"]
[PlyCount "95"]

1.e4 c5 2.Nf3 Nc6 3.d4 cxd4 4.Nxd4 g6 5.Nc3 Bg7 6.Be3 Nf6 7.Bc4 O-O 8.Bb3 
a5 9.O-O a4 10.Nxa4 Nxe4 11.Nb5 Ra6 12.c4 d6 13.Qe2 Nf6 14.h3 Be6 15.Rad1 
Qb8 16.Nb6 Rd8 17.Nd5 Ne8 18.Bg5 Bf8 19.f4 Ng7 20.Ndc7 Ra5 21.Bh4 Na7 22.
Be1 Nxb5 23.Nxe6 Nxe6 24.cxb5 Ra8 25.Bxe6 fxe6 26.Qxe6+ Kh8 27.Bc3+ Bg7 
28.Bxg7+ Kxg7 29.Qxe7+ Kg8 30.Qe6+ Kg7 31.b6 Qc8 32.Qe7+ Kg8 33.Rc1 Qd7 
34.Qxd7 Rxd7 35.Rc7 Rf7 36.Rd1 Rxa2 37.Rxd6 Rxb2 38.Rxf7 Kxf7 39.Rd7+ Kf6 
40.Rxb7 Kf5 41.Rf7+ Ke4 42.b7 h5 43.Kh2 Rb3 44.Rf6 Rxb7 45.Kg3 Rb3+ 46.Kh4
Rb2 47.Rxg6 Kxf4 48.Kxh5 1-0

[Event "3rd EUR-ch (w)"]
[Site "Varna BUL"]
[Date "2002.05.29"]
[Round "3.20"]
[White "Galliamova, Alisa"]
[Black "Gunther, Anetta"]
[Result "1-0"]
[WhiteElo "2500"]
[BlackElo "2116"]
[EventDate "2002.05.27"]
[PlyCount "83"]

1.d4 Nf6 2.c4 g6 3.Nc3 Bg7 4.e4 d6 5.f3 O-O 6.Nge2 e5 7.Bg5 Nc6 8.d5 Ne7 
9.Qd2 h5 10.O-O-O Nh7 11.Be3 f5 12.g3 Nf6 13.h3 a6 14.c5 Nd7 15.cxd6 cxd6 
16.Kb1 b5 17.Nc1 Nf6 18.Bd3 Bd7 19.Rdg1 Rb8 20.Nd1 a5 21.Bg5 Kh7 22.Ne3 
fxe4 23.fxe4 Qb6 24.g4 Neg8 25.Ng2 b4 26.Be3 Qc7 27.Nh4 Be8 28.Qg2 Ne7 29.
Nb3 Rg8 30.Rc1 Qd8 31.Nd2 Bb5 32.Bxb5 Rxb5 33.Nhf3 Qd7 34.Ng5+ Kh8 35.Nf7+
Kh7 36.Nc4 Nc8 37.Ng5+ Kh8 38.Rcf1 b3 39.a3 Qc7 40.Qe2 Qe7 41.Rh2 Nh7 42.
Nf7+ 1-0

[Event "3rd EUR-ch (w)"]
[Site "Varna BUL"]
[Date "2002.05.29"]
[Round "3.21"]
[White "Hlgatian, Goar"]
[Black "Peptan, Corina-Isabela"]
[Result "0-1"]
[WhiteElo "2239"]
[BlackElo "2480"]
[EventDate "2002.05.27"]
[PlyCount "94"]

1.e4 c5 2.Nf3 e6 3.d4 cxd4 4.Nxd4 Nf6 5.Nc3 d6 6.Be2 a6 7.O-O Nbd7 8.f4 b5
9.Bf3 Bb7 10.e5 Bxf3 11.Qxf3 dxe5 12.Nc6 Qb6+ 13.Kh1 exf4 14.Bxf4 Qb7 15.
a4 b4 16.Na2 Rc8 17.Ncxb4 Qxf3 18.Rxf3 a5 19.Na6 Nd5 20.Nc3 Nxf4 21.Rxf4 
Bd6 22.Rd4 Be5 23.Rd3 Bxc3 24.Rxc3 Rxc3 25.bxc3 Ke7 26.Rb1 Rc8 27.Rb5 Rxc3
28.Rxa5 Rxc2 29.h3 Rc4 30.Kh2 Kd6 31.Kg3 Kc6 32.Rg5 Rxa4 33.Rxg7 f6 34.Re7
Ra3+ 35.Kf4 Kd6 36.Rxh7 Rxa6 37.g4 Ra4+ 38.Kg3 Ne5 39.Rg7 Ra3+ 40.Kg2 Nd3 
41.h4 Nf4+ 42.Kf2 e5 43.h5 e4 44.Rg8 e3+ 45.Kf3 e2+ 46.Kf2 Ra1 47.Re8 Rf1+
0-1

[Event "3rd EUR-ch (w)"]
[Site "Varna BUL"]
[Date "2002.05.29"]
[Round "3.22"]
[White "Kachiani-Gersinska, Ketino"]
[Black "Georgieva, Liubka"]
[Result "1-0"]
[WhiteElo "2465"]
[BlackElo "2241"]
[EventDate "2002.05.27"]
[PlyCount "63"]

1.d4 Nf6 2.c4 g6 3.Nc3 Bg7 4.e4 d6 5.Be2 O-O 6.Bg5 c5 7.d5 h6 8.Bf4 e6 9.
dxe6 Bxe6 10.Qd2 Qb6 11.Bxh6 Bxh6 12.Qxh6 Qxb2 13.Rc1 Nc6 14.h4 Ne5 15.Nh3
Rae8 16.h5 b5 17.hxg6 Nxg6 18.Nd1 Qb4+ 19.Kf1 Bxh3 20.Rxh3 Rxe4 21.Nc3 
Rfe8 22.Nxe4 Nxe4 23.Bd3 bxc4 24.Bxe4 Rxe4 25.Qh7+ Kf8 26.Rf3 Re7 27.Qxg6 
Qd2 28.Rb1 Rb7 29.Rxf7+ Rxf7 30.Rb8+ Ke7 31.Rb7+ Kd8 32.Qg8+ 1-0

[Event "3rd EUR-ch (w)"]
[Site "Varna BUL"]
[Date "2002.05.29"]
[Round "3.24"]
[White "Vasylevich, Tatiana"]
[Black "Kadziolka, Beata"]
[Result "1/2-1/2"]
[WhiteElo "2421"]
[BlackElo "2235"]
[EventDate "2002.05.27"]
[PlyCount "55"]

1.d4 Nf6 2.c4 c5 3.d5 b5 4.cxb5 a6 5.e3 g6 6.Nc3 Bg7 7.a4 O-O 8.Bc4 d6 9.
Nge2 Nbd7 10.Ra3 Nb6 11.Ba2 axb5 12.Nxb5 Qd7 13.Nbc3 Ba6 14.O-O Nc4 15.
Bxc4 Bxc4 16.b3 Ba6 17.Re1 Rfb8 18.Qd2 Qb7 19.h3 Nd7 20.g4 c4 21.bxc4 Bxc4
22.e4 Nc5 23.Qe3 Nd3 24.Rd1 Nxc1 25.Nxc1 Qb4 26.N3a2 Qb1 27.Nc3 Qb4 28.
N3a2 1/2-1/2